Les buteurs du PSG en LDC depuis la saison 2015/2016 - Statistiques

Statistiques générales
  • Ce quiz a été pris 78 fois
  • Le résultat moyen est 33 sur 44
Statistiques - réponses
Nbs de Buts Pays Buteurs % Correct
42 France Kylian Mbappe
100%
22 Brésil Neymar
100%
14 France Ousmane Dembele
99%
20 Uruguay Edinson Cavani
97%
10 Portugal Vitinha
96%
6 Maroc Achraf Hakimi
94%
2 Espagne Fabian Ruiz
94%
11 Géorgie Khvicha Kvaratskhelia
94%
5 Suéde Zlatan Ibrahimovic
94%
9 Argentine Lionel Messi
93%
8 Brésil Marquinhos
93%
7 Portugal Nuno Mendes
93%
14 Argentine Angel Di Maria
91%
10 France Désiré Doué
91%
5 Portugal Gonçalo Ramos
86%
2 Portugal Joao Neves
86%
1 Corée du sud Kang-in Lee
86%
2 Equateur Willian Pacho
86%
6 France Bradley Barcola
83%
1 Allemagne Julian Draxler
79%
3 Belgique Thomas Meunier
79%
1 Slovaquie Milan Skriniar
76%
1 Sénégal Idrissa Gueye
73%
1 Cameroun Eric Maxim Choupo Moting
67%
2 Pays-bas Georginio Wijnaldum
67%
2 Italie Marco Verrati
67%
1 Cote d’ivoire Serge Aurier
66%
1 France Blaise Matuidi
64%
4 France Senny Mayulu
64%
3 France Layvin Kurzawa
64%
5 Argentine Mauro Icardi
64%
2 France Warren Zaire-Emery
63%
1 Espagne Carlos Soler
60%
2 Brésil Dani Alves
60%
5 Espagne Juan Bernat
59%
3 Italie Moise Kean
59%
1 France Presnel Kimpembe
54%
4 France Adrien Rabiot
53%
1 France Lucas Hernandez
53%
1 Brésil David Luiz
51%
4 Brésil Lucas Moura
51%
1 Espagne Ander Herrera
44%
2 Espagne Pablo Sarabia
43%
1 France Randal Kolo Muani
39%
Aucun quiz correspondant
Distribution des résultats
% des personnes avec chaque résultat
Percentile par nombre de réponses
Votre historique - résultats
Vous n’avez pas pris ce quiz